000 00678nam a2200217Ia 4500
003 GCL
008 140319s9999 xx 000 0 ara d
040 _aGCL /
_cGCL
082 0 4 _a403
_bع م
100 1 _aعلية عزت عياد
245 1 0 _aمعجم المصطلحات اللغوية والادبية المانى - انجليزى - عربى /
_cعلية عزت عياد
300 _aمتعدد
490 _a
650 0 4 _aاللغة العربية
650 0 4 _aالمعاجم
650 0 4 _aاللغة الانجليزية
650 0 4 _aاللغة الالمانية
650 0 4 _aالمصطلحات
650 0 4 _aاللغات - معاجم
942 _2ddc
_cBK
999 _c37694
_d37694